| 000 | 00441nam a2200157 a 4500 | ||
|---|---|---|---|
| 001 | 000029717 | ||
| 005 | 20200930055743.0 | ||
| 008 | 110425s1972 dr 000 0 spa d | ||
| 040 |
_aDO-SdBNP _bspa _cBNPHU |
||
| 082 |
_axxx _bS232t, 1972 |
||
| 100 | 1 |
_aSantana, Julio César _936086 |
|
| 245 | 1 | 0 |
_aTemas sociales / _cJulio César Santana. |
| 250 | _a2a ed. | ||
| 260 |
_aSan Pedro de Macorís : _bImprenta Esfuerzo, _c1972. |
||
| 049 | _aBNPD | ||
| 999 |
_c29209 _d29209 |
||